00542nam a22001697a 450000500170000001000150001702000260003203500130005803700130007108200140008410000270009824500710012526000330019627000680022930000250029750000500032220141119113840.0 aENG-111138 c895.00a9789382420651 aEN-94670 bDBAD/PUB a327.54051 aMohanty, Sanjeeb Kumar aPost-9/11 India-Pakistan peace process /cby Sanjeeb Kumar Mohanty aNew DelhibKunal Booksc2014 bNew Delhie110002a4648/21, First Floor, Ansari Road, Daryaganj avii, 240p.c23cm(Hb) aIncludes bibliographical references and index